Perspektivy bioorganičeskoj chimii i molekuljarnoj biologii

Saved in:
Bibliographic Details
Format: Book
Published: Moskva : Nauka, 1986
Tags: Add Tag
No Tags, Be the first to tag this record!

MARC

LEADER 00000nam a22000003a 4500
001 stu19922
005 20141122075852.6
008 ------s1986----xxr---------------------d
040 |a STU  |b slo 
041 0
044 |a xxr 
080 |a 577.1 
080 |a 577.23 
245 |a Perspektivy bioorganičeskoj chimii i molekuljarnoj biologii 
260 |a Moskva :  |b Nauka,  |c 1986 
300 |a 365 s :  |b Obr.,tab.,grafy,lit.,index 
996 |b C78866  |c C*78866  |l CCXV  |s P  |a 0  |w stu19922_0001